| 000 | 00426nam a2200169Ia 4500 | ||
|---|---|---|---|
| 008 | 180424s9999 xx 000 0 und d | ||
| 084 | _aT21 A38 | ||
| 100 | _a"Anandakumar, P" | ||
| 245 | 0 | _aBharathi Asan Apparao Kavithaikali Punaiviyal | |
| 250 | _a\\200000TAMGPSX | ||
| 260 | _aMuthu Pathippagam | ||
| 260 | _b2000 | ||
| 260 | _cMadurai | ||
| 300 | _a275p. | ||
| 500 | _aincludes index and biblioraphy | ||
| 942 | _cBK | ||
| 999 |
_c72629 _d72629 |
||